| 000 | 01131cam a2200301 a 4500 | ||
|---|---|---|---|
| 005 | 20150209103907.0 | ||
| 008 | 150209s2007 enkab fr 001 0 eng | ||
| 020 | _a9781107673076 | ||
| 020 | _a1107673070 | ||
| 040 |
_aCO-BoUCM _bspa _cJose A. Gerena _dJose A. Gerena |
||
| 041 | 0 | _aeng | |
| 245 | 0 | 4 |
_aThe Cambridge economic history of the Greco-Roman world _ceditado por Walter Scheidel, Ian Morris, Richard Saller |
| 246 | 3 | 0 | _aEconomic history of the Greco-Roman world |
| 260 |
_aCambridge (Inglaterra) _bCambridge University press _c2007 |
||
| 300 |
_axiv, 942 páginas _bilustraciones, mapas |
||
| 504 | _aIncluye referencias bibliográficas e índices | ||
| 650 | 0 | 7 |
_aHistoria _97695 _zGrecia |
| 650 | 0 | 7 |
_aHistoria _97695 _zRoma |
| 650 | 0 | 7 |
_aHistoria económica _916938 |
| 651 | 4 |
_aGrecia _xHistoria _926629 |
|
| 651 | 4 |
_aRoma _xHistoria _928983 |
|
| 690 |
_942846 _aHistoria de Europa |
||
| 700 | 1 |
_aScheidel, Walter _eeditor _967271 |
|
| 700 | 1 |
_aMorris, Ian _eeditor _967272 |
|
| 700 | 1 |
_aSaller, Richard P. _eeditor _967273 |
|
| 942 |
_2DEWEY _a21 _cLIBRO _e1 _h937 _mC178 |
||
| 999 |
_c297833 _d297833 |
||